La era de la juventud en Argentina : (Registro nro. 53944)
[ vista simple ]
| 000 -LEADER | |
|---|---|
| campo de control de longitud fija | 01220nam a2200349 a 4500 |
| 001 - NÚMERO DE CONTROL | |
| campo de control | 53944 |
| 003 - IDENTIFICADOR DE NÚMERO DE CONTROL | |
| campo de control | AR-BaAGN |
| 005 - FECHA Y HORA DE LA ÚLTIMA TRANSACCIÓN | |
| campo de control | 20240405111926.0 |
| 007 - CAMPO FIJO DE DESCRIPCIÓN FÍSICA--INFORMACIÓN GENERAL | |
| campo de control de longitud fija | ta |
| 008 - DATOS DE LONGITUD FIJA--INFORMACIÓN GENERAL | |
| campo de control de longitud fija | s ag |||||r|||| ||| ||spa d |
| 020 ## - NÚMERO INTERNACIONAL ESTÁNDAR DEL LIBRO | |
| Número Internacional Estándar del Libro | 9789877191288 |
| 040 ## - FUENTE DE CATALOGACIÓN | |
| Centro catalogador/agencia de origen | AR-BaAGN |
| Lengua de catalogación | español |
| Normas de descripción | aacr |
| 041 1# - CÓDIGO DE IDIOMA | |
| Código de lengua del texto/banda sonora o título independiente | español |
| Código de lengua original | inglés |
| 942 ## - ELEMENTOS DE ENTRADA SECUNDARIOS (KOHA) | |
| Tipo de ítem Koha | Libro |
| Prefijo de la signatura | AGN |
| Suprimir en OPAC | No |
| 100 1# - ENTRADA PRINCIPAL--NOMBRE DE PERSONA | |
| Nombre de persona | Manzano, Valeria, |
| Fechas asociadas al nombre | 1975- |
| ID autoridades | 7795 |
| 240 14 - TÍTULO UNIFORME | |
| Título uniforme | The age of youth in Argentina : culture, politics, & sexuality from Perón to Videla / |
| Lenguaje de la obra | Español. |
| 245 13 - MENCIÓN DEL TÍTULO | |
| Título | La era de la juventud en Argentina : |
| Resto del título | cultura, política y sexualidad desde Perón hasta Videla / |
| Mención de responsabilidad, etc. | Valeria Manzano; traducido por Lilia Mosconi. |
| 250 ## - MENCION DE EDICION | |
| Mención de edición | 1a ed. |
| 260 ## - PUBLICACIÓN, DISTRIBUCIÓN, ETC. | |
| Lugar de publicación, distribución, etc. | Buenos Aires : |
| Nombre del editor, distribuidor, etc. | Fondo de Cultura Económica, |
| Fecha de publicación, distribución, etc. | 2017. |
| 300 ## - DESCRIPCIÓN FÍSICA | |
| Extensión | 447 páginas : |
| Otras características físicas | fotografías ; |
| Dimensiones | 23 cm. |
| 336 ## - TIPO DE CONTENIDO | |
| Código de tipo de contenido | texto |
| Fuente | rdacontent |
| 337 ## - TIPO DE MEDIO | |
| Código del tipo de medio | no mediado |
| Fuente | rdamedia |
| 338 ## - TIPO DE SOPORTE | |
| Código del tipo de soporte | volumen |
| Fuente | rdacarrier |
| 490 1# - MENCIÓN DE SERIE | |
| Mención de serie | Obras de historia |
| 600 14 - PUNTO DE ACCESO ADICIONAL DE MATERIA--NOMBRE DE PERSONA | |
| Nombre de persona | Perón, Juan Domingo, |
| Fechas asociadas al nombre | 1895-1974 |
| ID autoridades | 4501 |
| 600 14 - PUNTO DE ACCESO ADICIONAL DE MATERIA--NOMBRE DE PERSONA | |
| Nombre de persona | Videla, Jorge Rafael, |
| Fechas asociadas al nombre | 1925-2013 |
| ID autoridades | 4513 |
| 650 #4 - PUNTO DE ACCESO ADICIONAL DE MATERIA--TÉRMINO DE MATERIA | |
| Término de materia o nombre geográfico como elemento de entrada | HISTORIA POLÍTICA ARGENTINA |
| ID autoridades | 1052 |
| 650 #4 - PUNTO DE ACCESO ADICIONAL DE MATERIA--TÉRMINO DE MATERIA | |
| Término de materia o nombre geográfico como elemento de entrada | SEXUALIDAD |
| ID autoridades | 1981 |
| 650 #4 - PUNTO DE ACCESO ADICIONAL DE MATERIA--TÉRMINO DE MATERIA | |
| Término de materia o nombre geográfico como elemento de entrada | CULTURA ARGENTINA |
| ID autoridades | 667 |
| 651 #4 - PUNTO DE ACCESO ADICIONAL DE MATERIA--NOMBRE GEOGRÁFICO | |
| Nombre geográfico | Argentina |
| ID autoridades | 3645 |
| 700 1# - ENTRADA AGREGADA--NOMBRE PERSONAL | |
| Nombre de persona | Mosconi, Lilia, |
| Fechas asociadas al nombre | 1963- |
| ID autoridades | 7160 |
| Término indicativo de función/relación | traductor |
| Estado de retiro | Estado de pérdida | Fuente del sistema de clasificación o colocación | Estado de conservación | Biblioteca actual | Ubicación en estantería | Signatura topográfica completa | Código de barras | Tipo de ítem Koha |
|---|---|---|---|---|---|---|---|---|
| Clasificación Decimal Dewey | Biblioteca del Archivo General de la Nación | AGN - Biblioteca | AGN 21780 | 481 | Libro |
